Estudios hidráulicos sobre el origen de la estratificación /
Guardado en:
| Autor Principal: | |
|---|---|
| Formato: | Libro |
| Idioma: | Spanish |
| Publicado: |
Bahía Blanca :
Universidad Nacional del Sur, Departamento de Geología,
1969.
|
| Etiquetas: |
Agregar Etiqueta
Sin Etiquetas, Sea el primero en etiquetar este registro!
|
| LEADER | 00565nam a22001455a 4500 | ||
|---|---|---|---|
| 001 | EUN.um022621 | ||
| 003 | AR-BaUNS | ||
| 005 | 20050623122901.0 | ||
| 008 | 041125s1969####ag############000#0#spa#d | ||
| 245 | 1 | 0 | |a Estudios hidráulicos sobre el origen de la estratificación / |c Alan V. Jopling. Traducido del inglés por C. Caldironi, J. Caló y A. P. Calmels. |
| 260 | |a Bahía Blanca : |b Universidad Nacional del Sur, Departamento de Geología, |c 1969. | ||
| 300 | |a 17 h. | ||
| 100 | 1 | |a Jopling, Alan V. | |
| 082 | 0 | 4 | |a 551.8 |
| 859 | |a Ar-BaUNS |b BIB. CENTRAL - Sector C |h 551.8 |i J749 |p 54595/970 | ||
